MSM Monsters on Water Island - Statistics

General Stats
  • This quiz has been taken 39 times
  • The average score is 24 of 27
Answer Stats
Elements Monster % Correct
Plant Potbelly
100%
Earth Noggin
96%
Plant, Water Oaktopus
96%
Plant, Earth Shrubb
96%
Water Toe Jammer
96%
Air Tweedle
96%
Air, Earth Cybop
91%
Plant, Air Dandidoo
91%
Dipster Do
91%
Werdo Parlsona
91%
Dipster Re
91%
Electricity Wubbox
91%
Dipster Fa
87%
Crystal Jeeode
87%
Dipster La
87%
Dipster Mi
87%
Plant, Air, Water, Earth Shellbeat
87%
Dipster Sol
87%
Dipster Ti
87%
Egg-Stravaganza Blabbit
83%
Water, Earth Fwog
83%
Werdo Maggpi
83%
Air, Water Quibble
83%
Plant, Water, Earth Pummel
78%
Air, Water, Earth Scups
78%
Plant, Air, Water Spunge
78%
Plant, Air, Earth Reedling
74%
No matching quizzes found
Score Distribution
Percent of People with Each Score
Percentile by Number Answered
Your Score History
You have not taken this quiz